| 000 | 01628nam a2200229Ia 4500 | ||
|---|---|---|---|
| 003 | OSt | ||
| 005 | 20210511132459.0 | ||
| 008 | 210310t1996 ck fr 000 0 spa d | ||
| 020 | _a9586640248 | ||
| 040 |
_aCO-JMCR _cCO-JMCR |
||
| 041 | 0 | _aspa | |
| 082 | 0 | 4 |
_a350.72209861 / _bB213i _223 |
| 110 | 2 |
_aBanco de la Republica _914538 |
|
| 245 | 1 | 0 |
_aIndicadores del sector público no financiero, 1987-1995 : _bsituación fiscal, gasto según finalidad y disgregación del gasto / _cBanco de la Republica |
| 260 |
_aBogotá : _bBanco de la República, _c©1996 |
||
| 300 |
_a12 volúmenes ; _c28 cm. |
||
| 505 | 0 |
_gv. 1. _tNivel nacional _gv. 2. _tNivel regional _gv. 3. _tCentro regional Barranquilla (Archipiélago de San Andrés, Providencia y Santa Catalina, Atlántico, Bolívar, Cesar, La Guajira, Magdalena, Sucre) _gv. 4. _tCentro Regional Cali (Cauca, Valle del Cauca) _r _gv. 5. Parte 1 _tCentro Regional Cúcuta (Arauca, Boyacá, Casanare) _gv. 6. _tCentro Regional Ibagué (Caquetá, Cundinamarca, Huila, Tolima) _gv. 7. _tCentro Regional Manizales (Caldas, Quindío, Risaralda) _gv. 8. _tCentro Regional Medellín (Antioquía, Chocó, Córdoba) _gv. 9. _tCentro Regional de Pasto (Nariño, Putumayo) _gv. 10. _tCentro Regional Villavicencio (Amazonas, Guainía, Guaviare, Meta, Vaupés, Vichada) _gv. 11. _tSantafé de Bogotá D.C. y entidades suprarregionales _gv.12. _tConsolidados |
|
| 650 | 1 | 4 |
_aGastos públicos _915237 _vEstadísticas _y1987-1995 _zColombia |
| 650 | 2 | 4 |
_aHacienda pública _vEstadísticas _y19987-1995 _zColombia _937552 |
| 650 | 2 | 4 |
_aPresupuesto _vEstadísticas _y1987-1995 _zColombia _937553 |
| 942 |
_2ddc _cBK |
||
| 999 |
_c7713 _d7713 |
||